Normal view
MARC view
Entry Personal Name
001 - CONTROL NUMBER
- control field: 165456
003 - CONTROL NUMBER IDENTIFIER
- control field: OSt
005 - DATE AND TIME OF LATEST TRANSACTION
- control field: 20220923221547.0
008 - FIXED-LENGTH DATA ELEMENTS
- fixed length control field: 220923|| aca||aabn | a|a d
040 ## - CATALOGING SOURCE
- Original cataloging agency: OSt
- Transcribing agency: OSt
100 ## - HEADING--PERSONAL NAME
- Personal name: महरोत्रा, रमेश चन्द्र; शुक्ल, हीरा लाल, संपा
670 ## - SOURCE DATA FOUND
- Source citation: Work cat.: (OSt)350074: महरोत्रा, रमेश चन्द्र; शुक्ल, हीरा लाल, संपा., भाषिकी के दस लेख, 1969
